000 00219nam a2200097Ia 4500
005 20251222114403.0
008 251222s1900||||xx |||||||||||||| ||spa||
082 _aDVD0090/V28
245 0 _aLos últimos días:
942 _cDVD
999 _c1729
_d1729